Sociologické metódy prieskumu trhu

Salvato in:
Dettagli Bibliografici
Autore principale: Plávková, Oľga
Ente Autore: Ekonomická univerzita v Bratislave. Fakulta medzinárodných vzťahov
Altri autori: Košta, Jozef
Natura: Libro
Lingua:slovacco
Pubblicazione: Bratislava Vydavateľstvo EKONÓM 2005
Soggetti:
Tags: Aggiungi Tag
Nessun Tag, puoi essere il primo ad aggiungerne!!

MARC

LEADER 00000nam$a2200000$$$4500
001 0037213
005 20240502071455.3
020 |a 80-225-2075-6 
041 0 |a slo 
044 |a SK 
245 1 0 |a Sociologické metódy prieskumu trhu  |c Oľga Plávková, Jozef Košta 
264 1 |a Bratislava  |b Vydavateľstvo EKONÓM  |c 2005 
300 |a 126 s. 
610 2 0 |a prieskum trhu 
610 2 0 |a metódy sociologické 
610 2 0 |a výskum sociologický 
610 2 0 |a marketing 
610 2 0 |a informácie 
610 2 0 |a etika 
610 2 0 |a techniky výskumné 
610 2 0 |a dotazníky 
610 2 0 |a rozhovor 
610 2 0 |a sociológia 
100 1 |a Plávková, Oľga 
700 1 |a Košta, Jozef 
710 2 |a Ekonomická univerzita v Bratislave. Fakulta medzinárodných vzťahov